Statistics for Counties of England in 1850

Click here to take the quiz!

General Stats

  • This quiz has been taken 144 times
  • The average score is 28 of 40

Answer Stats

County% Correct
Cornwall
93%
Essex
93%
Yorkshire
92%
Sussex
91%
Devon
90%
Lancashire
85%
Norfolk
84%
Kent
83%
Derbyshire
82%
Leicestershire
82%
Suffolk
81%
Dorset
78%
Cambridgeshire
77%
Northumberland
77%
Berkshire
74%
Oxfordshire
73%
Cheshire
72%
Hampshire
72%
Hertfordshire
72%
Nottinghamshire
72%
Warwickshire
72%
Lincolnshire
71%
Buckinghamshire
70%
Gloucestershire
70%
Wiltshire
70%
Worcestershire
70%
Bedfordshire
69%
Herefordshire
68%
Rutland
68%
Surrey
67%
Shropshire
65%
Somerset
64%
Northamptonshire
61%
Staffordshire
58%
Cumberland
55%
Durham
54%
Middlesex
51%
Westmorland
28%
Huntingdonshire
26%
Monmouthshire
8%

Score Distribution

Percentile by Number Answered

Percent of People with Each Score

Your Score History

You have not taken this quiz